Normal view
MARC view
- Berson, Alex, Dubov, Larry
Entry Personal Name
001 - CONTROL NUMBER
- control field: 66163
003 - CONTROL NUMBER IDENTIFIER
- control field: NUST
005 - DATE AND TIME OF LATEST TRANSACTION
- control field: 20210628203538.0
008 - FIXED-LENGTH DATA ELEMENTS
- fixed length control field: 210628|| aca||aabn | a|a d
040 ## - CATALOGING SOURCE
- Original cataloging agency: NUST
- Transcribing agency: NUST
100 ## - HEADING--PERSONAL NAME
- Personal name: Berson, Alex, Dubov, Larry
670 ## - SOURCE DATA FOUND
- Source citation: Work cat.: (NUST): Berson, Alex, Dubov, Larry, Master data management customer data integration for a global enterprise, 2007
